McDonald's Global Menu Match-Up Quiz Stats

Quiz Updated Feb 18, 2013

Challenge
Share
Tweet
Score 0/25 Timer 10:00
4 Plays Today
% Correct
McArabia
79.4%
KiwiBurger
79%
McCurry Pan
78.2%
N├╝rnburger
75.9%
Vegemite on an English Muffin
68.8%
Queso Pie
65.3%
McTurco Kebab
63.8%
Caprese Salad
61.3%
McLobster Roll
60.2%
McKielbasa
53.9%
Cheese Empanadas
52.6%
Oatso Simple Porridge with Jam
51.4%
Gazpacho Soup
50%
% Correct
Spam, Eggs and Rice
40.6%
McShawarma
37.1%
McLaks Salmon Burger
34.9%
Ebi Filet-O
32.6%
Gallo Pinto
31.9%
Kronenbourg 1664 Beer
31.7%
McSatay
30.2%
Shogun Burger
29.9%
Bulgogi Burger
25.6%
Samurai Pork Burger
23.8%
McKroket
17.3%
Chicken McDo with McSpaghetti
9.9%

You're not logged in!

Compare scores with friends on all Sporcle quizzes.
Join for Free
OR
Log In

You Might Also Like...

Show Comments

Extras

Top Quizzes Today


Score Distribution

Your Account Isn't Verified!

In order to create a playlist on Sporcle, you need to verify the email address you used during registration. Go to your Sporcle Settings to finish the process.

Report this User

Report this user for behavior that violates our Community Guidelines.

Details: